| 000 | 01103nam0a22002771 4500 | ||
|---|---|---|---|
| 001 | rc\505901 | ||
| 005 | 20030616171937.0 | ||
| 010 |
_a5-229-00068-6 _95880 |
||
| 035 | _a(NLR Aleph) 005746580 | ||
| 090 |
_a4795163 _c4795163 |
||
| 100 | _a20030616d1988 u |0rusy50 ca | ||
| 101 | 0 | _arus | |
| 102 | _aRU | ||
| 105 | _aa ||||||||| | ||
| 200 | 1 |
_aОборудование предприятий порошковой металлургии _e[Учеб. для вузов по спец. "Композитивные и порошковые материалы, покрытия" и "Физ.-хим. исслед. металлург. процессов"] |
|
| 210 |
_aМ. _cМеталлургия _d1988 |
||
| 215 |
_a447, [1] с. _cил. _d23 |
||
| 320 | _aБиблиогр.: с. 443-445 | ||
| 320 | _aПредм. указ.: с. 446-448 | ||
| 700 | 1 |
_aКипарисов _bС. С. _f1924- _gСергей Сергеевич |
|
| 701 | 1 |
_aПадалко _bО. В. _gОлег Вадимович |
|
| 801 | 0 |
_aRU _bNLR _gpsbo |
|
| 801 | 1 |
_aRU _bELAR _2rusmarc |
|
| 852 |
_aNLR _j88-5/6121 |
||
| 942 | _cBOOK | ||
| 980 | _aNB | ||